| 000 | 01757cam a2200301 a 4500 | ||
|---|---|---|---|
| 003 | OSt | ||
| 005 | 20240530110425.0 | ||
| 008 | 101103s2012 ua ab f b 001 0 eng | ||
| 010 | _a 2010047013 | ||
| 020 | _a9789774165542 | ||
| 040 |
_aEG-CaGPL _cEG-CaGPL |
||
| 082 | 0 | 0 |
_221 _a953.0962 _bCC/M N |
| 100 | 1 |
_aMikhail, Alan, _d1979- |
|
| 245 | 1 | 0 |
_aNature and empire in Ottoman Egypt : _ban environmental history / _cAlan Mikhail. |
| 260 |
_aCambridge [England] _aNew York : _bCambridge University Press, _c2011. |
||
| 300 |
_axxv, 344 p. : _bill., maps ; _c24 cm. |
||
| 504 | _aIncludes bibliographical references (p. 305-330) and index. | ||
| 520 |
_a"In the first ever environmental history of Ottoman Egypt, Alan Mikhail brings to life the complex relationships between Egyptians, their rural world along the Nile, and the Ottoman Empire. This detailed account of irrigation, grain cultivation, the movement of wood, disease, and labor challenges many longstanding ideas in both Ottoman and Egyptian history while at the same time demonstrating how environmental history offers new ways of thinking about the Middle East. This path braking book should be read by all those with interests in the Middle East, the Ottoman Empire, Egypt, environmental history, and early modern history"-- _cProvided by publisher. |
||
| 650 | 0 |
_aHuman ecology _zEgypt. |
|
| 650 | 0 |
_aHuman beings _xEffect of environment on _zEgypt. |
|
| 650 | 0 |
_aIrrigation _xSocial aspects _zEgypt. |
|
| 650 | 0 | _aTechnology and civilization. | |
| 651 | 0 |
_aEgypt _xHistory _y1517-1882. |
|
| 830 | 0 | _aStudies in environment and history. | |
| 942 |
_2ddc _cBK |
||
| 999 |
_c60734 _d60734 |
||